| 000 | 00339nam a2200133Ia 4500 | ||
|---|---|---|---|
| 005 | 20251222154336.0 | ||
| 008 | 251222s9999||||xx |||||||||||||| ||spa|| | ||
| 020 | _a84-206-1040-2 | ||
| 082 | _a848.9/P87B | ||
| 100 | _a"Proust, Marcel" | ||
| 245 | 0 | _aEn busca del tiempo perdido: El mundo de Guermantes | |
| 250 | _a13a.ed. | ||
| 942 | _cLIB | ||
| 999 |
_c34343 _d34343 |
||